<?xml version="1.0" encoding="UTF-8"?>
<record
    xmlns:xsi="http://www.w3.org/2001/XMLSchema-instance"
    xsi:schemaLocation="http://www.loc.gov/MARC21/slim http://www.loc.gov/standards/marcxml/schema/MARC21slim.xsd"
    xmlns="http://www.loc.gov/MARC21/slim">

  <leader>00515nam a22001577a 4500</leader>
  <controlfield tag="008">160111b        xxu||||| |||| 00| 0 eng d</controlfield>
  <datafield tag="082" ind1=" " ind2=" ">
    <subfield code="a">759.972.86</subfield>
    <subfield code="b">L837lo</subfield>
  </datafield>
  <datafield tag="110" ind1=" " ind2=" ">
    <subfield code="a">Galer&#xED;a Valanti</subfield>
    <subfield code="9">4349</subfield>
  </datafield>
  <datafield tag="245" ind1=" " ind2=" ">
    <subfield code="a">50 a&#xF1;os de pintura: Lola Fern&#xE1;ndez 1948-1998</subfield>
  </datafield>
  <datafield tag="260" ind1=" " ind2=" ">
    <subfield code="a">San Jos&#xE9;, Costa Rica:</subfield>
    <subfield code="b">Galer&#xED;a Valanti</subfield>
    <subfield code="c">(1998)</subfield>
  </datafield>
  <datafield tag="300" ind1=" " ind2=" ">
    <subfield code="a">(s. n,)</subfield>
    <subfield code="b">il. (col.)</subfield>
    <subfield code="c">22 cm. </subfield>
  </datafield>
  <datafield tag="600" ind1=" " ind2=" ">
    <subfield code="a">Fern&#xE1;ndez, Lola</subfield>
    <subfield code="y">1926 --</subfield>
    <subfield code="9">4350</subfield>
  </datafield>
  <datafield tag="650" ind1=" " ind2=" ">
    <subfield code="a">Exhibiciones</subfield>
    <subfield code="9">2000</subfield>
  </datafield>
  <datafield tag="650" ind1=" " ind2=" ">
    <subfield code="a">Pintura Costarricense</subfield>
    <subfield code="9">4122</subfield>
  </datafield>
  <datafield tag="650" ind1=" " ind2=" ">
    <subfield code="a">Arte Abstracto</subfield>
    <subfield code="9">4163</subfield>
  </datafield>
  <datafield tag="999" ind1=" " ind2=" ">
    <subfield code="c">803</subfield>
    <subfield code="d">803</subfield>
  </datafield>
  <datafield tag="952" ind1=" " ind2=" ">
    <subfield code="0">0</subfield>
    <subfield code="1">0</subfield>
    <subfield code="2">ddc</subfield>
    <subfield code="4">0</subfield>
    <subfield code="7">0</subfield>
    <subfield code="a">LV</subfield>
    <subfield code="b">LV</subfield>
    <subfield code="c">Monograf&#xED;as</subfield>
    <subfield code="d">2016-01-11</subfield>
    <subfield code="l">0</subfield>
    <subfield code="o">759.972.86 L837lo</subfield>
    <subfield code="p">000758</subfield>
    <subfield code="r">2016-01-11 00:00:00</subfield>
    <subfield code="w">2016-01-11</subfield>
    <subfield code="y">01</subfield>
  </datafield>
</record>
